¿Qué quiere una mujer? /

Gespeichert in:
Bibliographische Detailangaben
1. Verfasser: André, Serge (autor)
Format: Buch
Sprache:Spanisch
Veröffentlicht: México : Siglo XXI, 2002, c2002
Schriftenreihe:(Psicología y Psicoanálisis)
Schlagworte:
Tags: Tag hinzufügen
Keine Tags, Fügen Sie das erste Tag hinzu!

MARC

LEADER 00000nam^a2200000^a^4500
001 000136255
005 20250521000000.0
009 20260310095311.941
020 |a 968-23-2367-3 
037 |a Acervo ITESO - Biblioteca 
041 |a ESP 
082 |a 305. 42  |b AND 
100 |a André, Serge  |e (autor) 
245 1 1 |a ¿Qué quiere una mujer? /  |c S. André ; tr. por Margarita Gasque, Antonio Marquet. 
264 4 |a México :  |b Siglo XXI,  |c 2002, c2002 
300 |a 289 p. 
336 |a texto  |b txt  |2 rdacontenido 
337 |a sin mediación  |b n  |2 rdamedio 
338 |a volumen  |b nc  |2 rdasoporte 
440 1 |a (Psicología y Psicoanálisis) 
500 |a Traducción de: Que veut une famme? 
649 |a XX 
650 |a Mujeres -  |x Condiciones Psicológicas 
650 |a Identidad de Género 
650 |a Roles de Género 
650 |a Identidad Personal 
650 |a Bisexualidad 
650 |a Relaciones Intergénero 
650 |a Subjetividad (Psicología) 
650 |a Simbolismo 
650 |a Sexualidad 
650 |a Psicoanálisis Freudiano 
650 |a Psicoanálisis Lacaniano 
650 |a Escuela Francesa de Psicoanálisis 
650 |a Psicología Clínica 
650 |a Psicoanalistas Franceses 
650 |a Freud, Sigmund 
650 |a Lacan, Jacques 
910 |a Fondo General 
920 |a Impresos - Libros 
930 |a Colección General 
905 |a 101 
901 |a 0500064978  |b IT1  |c ACC  |u 20250521 
902 |a https://opac.biblio.iteso.mx/vufind/Record/000136255